| 000 | 01080nam a22002417a 4500 | ||
|---|---|---|---|
| 001 | 9612 | ||
| 003 | FISKH | ||
| 005 | 20260126101908.0 | ||
| 008 | 260126b cb ||||| |||| 00| 0 eng d | ||
| 020 | _a9780141184883 | ||
| 040 |
_aFISKH _beng _cFISKH _dFISKH |
||
| 050 | _aPS3521 .E735 .D48 | ||
| 082 | _a813.54 | ||
| 100 |
_aKerouac, Jack _eAuthor |
||
| 245 |
_aThe dharma bums / _cJack Kerouac ; with an introduction by Ann Douglas |
||
| 260 |
_aMilton Keynes : _bPenguin Classics , _c1958 |
||
| 300 |
_a204 pages : _c20 cm |
||
| 520 | _aThe Dharma Bums stands as one of Jack Kerouac's most powerful and influential novels. The story focuses on two ebullient young Americans mountaineer, poet, and Zen Buddhist Japhy Ryder, and Ray Smith, a zestful, innocent writer whose quest for Truth leads them on a heroic odyssey, from marathon parties and poetry jam sessions in San Francisco's Bohemia to solitude and mountain climbing in the High Sierras. | ||
| 650 |
_a20th century fiction _vAmerica |
||
| 650 |
_aLiterature _vMountaineering |
||
| 942 |
_2ddc _cBK _n0 |
||
| 999 |
_c9612 _d9612 |
||